[Event "Moscow Open RSSU Cup 2019"]
[Site "Moscow"]
[Date "2019.02.01"]
[Round "7"]
[White "Fakhrutdinov, Timur"]
[Black "Kryakvin, Dmitry"]
[Result "1/2-1/2"]
[WhiteElo "2481"]
[BlackElo "2588"]
[Annotator "TA"]
[PlyCount "131"]
[EventDate "2019.01.26"]
[EventType "swiss"]
[EventCountry "RUS"]
[SourceTitle "playchess.com"]
[Source "ChessBase"]
[SourceQuality "1"]

{[%evp 21,131,52,65,15,59,58,64,64,52,71,70,61,83,34,61,-114,0,-14,-16,-10,-12,-12,-9,-14,-12,-13,-8,-11,-17,-33,42,50,47,0,0,0,0,-12,-14,-786,0,-81,-21,-229,0,-8,-8,-8,-8,-377,0,-8,-9,-13,0,0,0,0,0,-45,0,-6,-6,-4,-5,-13,-8,-25,-8,-8,-8,-85,-8,-8,-8,-8,-8,-8,-8,-8,-8,-8,-8,-8,-8,-8,0,0,0,-8,0,0,0,0,0,0,0,0,0,0,0,-8,-8,-35,-35,-35,0,0,0,0,0,0]} 1. e4 c5 2. Nf3 Nc6 3. d4 cxd4 4. Nxd4 e5 5. Nb5 d6 6. N1c3 a6 7. Na3 b5 8. Nd5 Nge7 9. c4 Nxd5 10. exd5 Nd4 11. cxb5 Be7 12. Bc4 {B32: Sicilian: Löwenthal and Kalashnikov Variations} (12. Bd3 O-O 13. O-O f5 14. Be3 Nxb5 15. Nc4 Rb8 16. f3 Bb7 17. a4 Nd4 18. Bxd4 exd4 19. a5 Bxd5 20. Nb6 {0-1 (48) Martinez Alcantara,J (2561)-Naiditsch,A (2711) Linares 2018}) 12... O-O 13. O-O $146 ({Predecessor:} 13. bxa6 Bf6 14. O-O e4 15. Be3 {1-0 (48) Espinosa Veloz,E (2407)-Garcia Gomez,R (2334) Santa Clara 2010}) 13... Bf6 14. Be3 {White is slightly better.} Nf5 15. bxa6 e4 16. Qe2 Be5 17. Rab1 Nh4 ({Predecessor:} 17... Qh4 18. g3 Qh3 19. f4 exf3 20. Qxf3 {1-0 (48) Espinosa Veloz,E (2407)-Garcia Gomez,R (2334) Santa Clara 2010}) 18. Nc2 $2 (18. Kh1 $1 $14 {keeps the upper hand.}) 18... f5 (18... Nxg2 $1 $17 19. f4 (19. Kxg2 Qh4 $17) 19... exf3 20. Rxf3 Qh4 21. Qxg2 Qxc4 {[%mdl 64] Double Attack}) 19. f4 exf3 $1 20. gxf3 f4 21. Bd4 Re8 22. Qd2 $1 Bxa6 23. Bxa6 Rxa6 24. Kh1 Qf6 25. a3 Bxd4 (25... Nf5 $15 26. Rbe1 Qh4) 26. Nxd4 $14 Re3 27. Rbe1 Ra4 28. Rd1 Qe5 29. Qf2 Qh5 30. Qc2 $2 {[%mdl 8192] [#]} (30. b3 $11 Rxa3 31. Rde1) 30... Ra8 $2 ({Black should try} 30... Rxd4 $1 $19 {[%mdl 512]} 31. Qc8+ (31. Rxd4 Qxf3+) 31... Re8) 31. Ne6 (31. Qf2 $11) 31... Rxf3 (31... Re8 $1 $17) 32. Qe4 $2 {[#]} (32. Nxf4 $2 Rf8 $19) (32. Rg1 $11 Rg3 33. Qe4) 32... Ra4 $2 ({Better is} 32... Rf2 $1 $19 {[%mdl 512]} 33. Qd3 (33. Nxf4 $2 Rf8 $19) (33. Rxf2 Qxd1+) 33... Rxb2) 33. b4 $132 {[%mdl 2048] White has counterplay} (33. Qxa4 Rxf1+ 34. Rxf1 Qxd5+ 35. Qe4 Qxe4+ 36. Rf3 Qxf3+ 37. Kg1 Qg2#) 33... Raxa3 34. Nxf4 Qf7 35. Rc1 $2 {[%mdl 8192] [#]} (35. Qe6 $11 {and White is okay.}) 35... Rxf1+ $2 (35... g5 $1 $19 36. Rg1 Rxf4 37. Rxg5+ Ng6) 36. Rxf1 $11 g5 37. Qe6 Nf3 38. Qc8+ Kg7 39. Ne6+ Kh6 40. Qc2 (40. Nd4 $5 Qxd5 41. Nf5+ (41. Qf8+ Kh5 $11) 41... Kh5 42. Ng3+ (42. Qe8+ $2 Kg4 $19) 42... Kh4 43. Nf5+ Kh5 44. Ng3+ (44. Qe8+ $2 Kg4 $19) 44... Kh4 45. Nf5+ Kh5 $11) 40... Nh4 {[%cal Rf7f1]} (40... Qg6 $5 {[%cal Rg6c2]} 41. Qe2 Qd3 42. Qxd3 Rxd3 $15) 41. Qe2 (41. Rxf7 $2 {gets mated.} Ra1+ 42. Qd1 Rxd1+ 43. Rf1 Rxf1#) 41... Re3 42. Rxf7 Rxe2 {[%mdl 4096] Endgame KRN-KRN} 43. Kg1 Rg2+ 44. Kf1 {aiming for Nf8.} Rxh2 {With the idea ...Rb2.} 45. Nf8 $1 {[%csl Gf8][%cal Rf7h7]} Kh5 {Threatens to win with ...h6.} 46. Rxh7+ Kg4 47. Ng6 $1 Rd2 48. Nxh4 $1 gxh4 {KR-KR} 49. Rg7+ Kf3 {[%cal Rd2d1]} 50. Rf7+ Ke3 51. Rh7 Rd1+ (51... Rd4 {seems wilder.} 52. b5 Rxd5 53. b6 Rb5 54. b7 Rb2) 52. Kg2 Rxd5 53. Rxh4 Rf5 54. Rh3+ Ke2 55. Rb3 Rb5 56. Kg3 Kd2 57. Kf4 Kc2 58. Ra3 $1 Rxb4+ 59. Ke3 d5 {Strongly threatening ...Re4+.} 60. Ra2+ Kc3 {...Re4+ is the strong threat.} 61. Ra3+ Kc4 62. Kd2 Rb2+ 63. Kd1 Rb3 64. Rxb3 {The position is equal.} Kxb3 65. Kd2 Kc4 {( -> ...Kd4)} (65... Kb4 $5) 66. Kc2 {Accuracy: White = 46%, Black = 47%.} 1/2-1/2

[Event "Moscow Open RSSU Cup 2019"]
[Site "Moscow"]
[Date "2019.02.01"]
[Round "7"]
[White "Shukh, Nikolai"]
[Black "Iljiushenok, Ilia"]
[Result "*"]
[WhiteElo "2459"]
[BlackElo "2533"]
[Annotator "TA RC"]
[PlyCount "115"]
[EventDate "2019.01.26"]
[EventType "swiss"]
[EventCountry "RUS"]
[SourceTitle "playchess.com"]
[Source "ChessBase"]
[SourceQuality "1"]

{[%evp 16,115,11,0,0,-8,40,47,44,44,54,45,35,0,0,7,0,0,2,0,0,0,12,0,22,3,91,82,83,83,138,156,148,149,141,151,222,218,251,225,208,205,205,209,195,156,256,250,350,325,266,274,354,243,254,0,329,216,241,252,241,219,310,333,236,197,213,291,469,462,556,481,484,408,525,547,529,378,541,447,372,419,393,360,386,212,992,45,39,41,50,0,1047,192,1595,1131,2310,110,29978,29980,29984,29985]} 1. e4 c6 2. d4 d5 3. Nd2 ({Predecessor:} 3. Nc3 dxe4 {1-0 (42) Haavamae,H (2098)-Vovk,I (2304) Tallinn 2018}) 3... dxe4 4. Nxe4 Bf5 5. Ng3 Bg6 6. N1e2 $146 (6. Nh3 e6 7. Bc4 Bd6 {½-½ (77) Harikrishna,P (2753)-Navara,D (2734) Huaian 2016}) ({Predecessor:} 6. Nh3 e6 {1-0 (42) Haavamae,H (2098)-Vovk,I (2304) Tallinn 2018}) 6... e6 7. Nf4 Bd6 8. Bc4 ({Predecessor:} 8. c3 Nf6 9. Qf3 Nbd7 {1-0 (42) Haavamae,H (2098)-Vovk,I (2304) Tallinn 2018}) 8... Nf6 9. c3 Nbd7 {B18: Classical Caro-Kann: 4...Bf5 sidelines} (9... Qc7 10. Qf3 Nbd7 11. h4 c5 12. dxc5 Qxc5 13. Qe2 Rc8 14. Bb3 Qc7 15. h5 Bxf4 16. Bxf4 Qxf4 17. hxg6 {½-½ (77) Harikrishna,P (2753)-Navara,D (2734) Huaian 2016}) 10. Qf3 e5 11. Nxg6 hxg6 {White is slightly better.} 12. Ne4 ({Predecessor:} 12. O-O Qc7 13. Re1 O-O 14. Bg5 Rae8 15. Rad1 exd4 16. cxd4 Rxe1+ 17. Rxe1 {1-0 (42) Haavamae,H (2098)-Vovk,I (2304) Tallinn 2018}) 12... Qc7 13. Nxd6+ Qxd6 14. Be3 exd4 15. Bxd4 O-O 16. O-O-O {Threatens to win with Bxf6.} Ne5 17. Bxe5 Qxe5 18. Rhe1 Qc5 19. Qf4 $36 {[%mdl 2048] White is more active.} Rae8 20. b4 Qh5 (20... g5 $11 {remains equal.}) 21. Rxe8 $1 $16 Rxe8 22. Qc7 Nd5 (22... Rf8 $142) 23. Bxd5 $1 cxd5 24. Qxb7 {[%mdl 4096] Endgame KQR-KQR} Qg5+ 25. Kb2 Qxg2 (25... Re2+ $16 {was worth a try.} 26. Ka3 Qxg2) 26. Rd2 $1 $18 ({And not} 26. Qxd5 Qxf2+ 27. Rd2 Qe1 $11) (26. Qxa7 $6 Re2+ 27. Ka3 Qf3 $16) 26... Rd8 27. Qe7 Ra8 28. Qd6 Rf8 29. Qxd5 Qxh2 30. a4 Rc8 (30... Qh4 $16 31. Qd4 Qe7) 31. Qd7 Qb8 32. a5 Rf8 33. a6 Qf4 34. Qd4 Qb8 35. Qd7 Qf4 $1 36. Rc2 Qb8 37. Re2 Rd8 38. Qc6 Qf4 (38... g5 $142 39. Qb7 Qxb7 40. axb7 Kf8) 39. Re8+ Rxe8 40. Qxe8+ {KQ-KQ} Kh7 41. Qe3 Qb8 $2 (41... Qc7 42. b5 Qa5) 42. Kb3 f5 43. Qc5 Qa8 44. b5 Qh1 45. Kc4 Qd1 46. Qd4 ({Less strong is} 46. Qxa7 Qe2+ 47. Kd5 Qxb5+ 48. Kd6 Qd3+ 49. Ke7 Qxc3 $18) 46... Qe2+ 47. Kc5 g5 48. c4 Qe6 49. Qd6 Qe2 50. b6 Qxf2+ $2 {[#]} (50... axb6+ 51. Kb5 (51. Qxb6 Qxf2+ 52. Kc6 Qf3+ 53. Kd7 g4 $14) 51... Qa2 52. Qxb6 Qb3+ 53. Kc5 Qa3+ 54. Kc6 Qa2) 51. Kb5 $2 (51. Kd5 $1 $18) 51... Qb2+ $14 52. Qb4 Qe5+ 53. Kc6 {Strongly threatening b7.} axb6 $2 {[%mdl 8192]} (53... Qe4+ $11 54. Kc7 axb6) 54. a7 $2 (54. Qd6 Qe8+ 55. Kxb6) 54... Qe8+ $2 (54... Qe4+ 55. Kxb6 g4) 55. Kc7 $18 g4 {[#]} 56. Qd6 $2 (56. Qb5 $1 $18 {[%cal Rb5e8] and the rest is easy.} Qe7+ 57. Qd7) 56... Qa8 $2 {[%mdl 8192]} (56... g3 $16) 57. Kxb6 Qe4 58. Qd5 {Accuracy: White = 62%, Black = 35%.} *

[Event "Moscow Open RSSU Cup 2019"]
[Site "Moscow"]
[Date "2019.02.01"]
[Round "7"]
[White "Lugovskoy, Maxim"]
[Black "Afanasiev, Nikita"]
[Result "0-1"]
[WhiteElo "2445"]
[BlackElo "2508"]
[Annotator "RC"]
[PlyCount "124"]
[EventDate "2019.01.26"]
[EventType "swiss"]
[EventCountry "RUS"]
[SourceTitle "playchess.com"]
[Source "ChessBase"]
[SourceQuality "1"]
[TimeControl "40/5400+30:1800+30"]

1. e4 {[%emt 0:00:00]} d6 {[%emt 0:03:43]} 2. d4 {[%emt 0:00:00]} Nf6 {[%emt 0:00:06]} 3. Nc3 {[%emt 0:00:00]} e5 {[%emt 0:00:05]} 4. dxe5 {[%emt 0:00:00]} dxe5 {[%emt 0:00:05]} 5. Qxd8+ {[%emt 0:00:00]} Kxd8 {[%emt 0:00:02]} 6. Nf3 {[%emt 0:00:05]} Bd6 {[%emt 0:00:38]} 7. Bc4 {[%emt 0:00:06]} Ke8 {[%emt 0:01:08]} 8. Be3 {[%emt 0:00:46]} a6 {[%emt 0:02:32]} 9. O-O-O {[%emt 0:00:30]} Nbd7 {[%emt 0:06:29]} 10. Bb3 {[%emt 0:08:33]} h6 {[%emt 0:46:02]} 11. Nd2 {[%emt 0:30:11]} Be7 12. Nc4 Ng4 13. Kb1 {[%emt 0:01:00]} Nxe3 {[%emt 0:01:30]} 14. Nxe3 {[%emt 0:02:45]} g6 15. Rhf1 Rf8 {[%emt 0:14:22]} 16. g3 {[%emt 0:13:03]} c6 {[%emt 0:03:47]} 17. f4 {[%emt 0:00:25]} b5 {[%emt 0:04:12]} 18. Ng4 {[%emt 0:08:13]} exf4 {[%emt 0:00:52]} 19. gxf4 {[%emt 0:07:01]} h5 {[%emt 0:01:15]} 20. Ne3 {[%emt 0:01:23]} Nc5 {[%emt 0:01:35]} 21. e5 {[%emt 0:03:10]} Ra7 {[%emt 0:02:23]} 22. a3 {[%emt 0:02:57]} Rd7 {[%emt 0:02:26]} 23. Ba2 {[%emt 0:01:55]} a5 {[%emt 0:02:46]} 24. b4 {[%emt 0:09:16]} axb4 {[%emt 0:02:33]} 25. axb4 {[%emt 0:00:04]} Na6 {[%emt 0:00:07]} 26. Ne4 {[%emt 0:00:28]} Nxb4 {[%emt 0:00:25]} 27. Bb3 Na6 28. Nd6+ {[%emt 0:06:43]} Bxd6 {[%emt 0:01:40]} 29. exd6 {[%emt 0:00:03]} Nc5 {[%emt 0:00:05]} 30. f5 {[%emt 0:04:27]} Ne4 {[%emt 0:00:38]} 31. Rd4 {[%emt 0:00:55]} Nxd6 {[%emt 0:00:16]} 32. Re1 {[%emt 0:00:36]} Nb7 {[%emt 0:00:40]} 33. Ng4+ {[%emt 0:01:02]} Kd8 {[%emt 0:00:10]} 34. Ne5 {[%emt 0:00:01]} Rxd4 {[%emt 0:00:38]} 35. Nxc6+ {[%emt 0:00:01]} Kc7 {[%emt 0:00:09]} 36. Nxd4 {[%emt 0:00:01]} Bxf5 {[%emt 0:00:12]} 37. Nxb5+ {[%emt 0:00:43]} Kd7 {[%emt 0:00:52]} 38. Nd4 {[%emt 0:00:17]} Bg4 {[%emt 0:00:48]} 39. Re5 {[%emt 0:01:35]} f6 {[%emt 0:01:33]} 40. Rd5+ {[%emt 0:00:00]} Kc7 {[%emt 0:00:00]} 41. Nb5+ {[%emt 0:05:30]} Kb6 {[%emt 0:01:26]} 42. Nc3 {[%emt 0:00:10]} Bf3 {[%emt 0:01:14]} 43. Rd7 {[%emt 0:05:51]} Kc5 {[%emt 0:15:04]} 44. h4 {[%emt 0:01:39]} Nd6 {[%emt 0:01:47]} 45. Rg7 {[%emt 0:02:47]} Nf5 {[%emt 0:00:14]} 46. Rxg6 {[%emt 0:00:20]} Nxh4 {[%emt 0:00:07]} 47. Rg7 {[%emt 0:00:52]} Kd4 {[%emt 0:01:55]} 48. Kb2 {[%emt 0:00:42]} Rh8 {[%emt 0:01:28]} 49. Nb5+ {[%emt 0:00:49]} Ke5 {[%emt 0:00:13]} 50. Re7+ {[%emt 0:03:48]} Kf4 {[%emt 0:00:20]} 51. Rf7 {[%emt 0:00:39]} f5 {[%emt 0:01:34]} 52. Nd4 {[%emt 0:01:03]} Bg4 {[%emt 0:05:46]} 53. c4 {[%emt 0:00:23]} Nf3 {[%emt 0:00:20]} 54. Ne6+ {[%emt 0:02:26]} Kg3 {[%emt 0:00:15]} 55. Bc2 {[%emt 0:10:50]} Ne5 {[%emt 0:00:36]} 56. Rg7 {[%emt 0:00:43]} Nxc4+ {[%emt 0:00:16]} 57. Kc3 {[%emt 0:00:05]} Ne3 {[%emt 0:00:04]} 58. Nd4 {[%emt 0:00:16]} Rc8+ {[%emt 0:03:53]} 59. Kd2 {[%emt 0:00:22]} Nxc2 {[%emt 0:00:12]} 60. Nxc2 {[%emt 0:00:30]} Rxc2+ {[%emt 0:01:17]} 61. Kxc2 {[%emt 0:00:08]} h4 {[%emt 0:00:04]} 62. Kd2 {[%emt 0:01:11]} h3 {[%emt 0:00:05]} 0-1

[Event "Moscow Open RSSU Cup 2019"]
[Site "Moscow"]
[Date "2019.02.01"]
[Round "7"]
[White "Atabayev, Yusup"]
[Black "Triapishko, Alexandr"]
[Result "*"]
[WhiteElo "2425"]
[BlackElo "2508"]
[Annotator "RC"]
[PlyCount "101"]
[EventDate "2019.01.26"]
[EventType "swiss"]
[EventCountry "RUS"]
[SourceTitle "playchess.com"]
[Source "ChessBase"]
[SourceQuality "1"]
[TimeControl "40/5400+30:1800+30"]

1. c4 {[%emt 0:00:00]} c5 {[%emt 0:05:50]} 2. Nf3 {[%emt 0:00:12]} Nc6 3. Nc3 {[%emt 0:01:55]} Nf6 {[%emt 0:08:31]} 4. d4 {[%emt 0:03:47]} cxd4 {[%emt 0:00:14]} 5. Nxd4 {[%emt 0:00:06]} Qb6 {[%emt 0:11:27]} 6. Nb3 {[%emt 0:04:58]} e6 {[%emt 0:00:30]} 7. g3 {[%emt 0:12:17]} Ne5 {[%emt 0:26:20]} 8. e4 Bb4 9. Qe2 {[%emt 0:01:35]} d6 10. f4 {[%emt 0:11:46]} Nc6 {[%emt 0:06:48]} 11. Be3 {[%emt 0:01:21]} Bxc3+ {[%emt 0:04:17]} 12. bxc3 {[%emt 0:00:21]} Qc7 {[%emt 0:00:06]} 13. Bg2 {[%emt 0:02:13]} O-O {[%emt 0:12:07]} 14. O-O {[%emt 0:03:28]} b6 15. Nd4 {[%emt 0:21:55]} Nxd4 {[%emt 0:02:56]} 16. cxd4 {[%emt 0:00:07]} Ba6 {[%emt 0:00:15]} 17. Rfc1 {[%emt 0:01:20]} Rac8 {[%emt 0:02:22]} 18. e5 {[%emt 0:00:24]} Nd5 {[%emt 0:04:15]} 19. exd6 {[%emt 0:04:39]} Qxd6 {[%emt 0:00:22]} 20. Bf2 {[%emt 0:00:05]} Rc7 {[%emt 0:02:47]} 21. c5 {[%emt 0:00:45]} Bxe2 {[%emt 0:04:41]} 22. cxd6 {[%emt 0:00:07]} Rd7 {[%emt 0:00:08]} 23. Bxd5 {[%emt 0:02:17]} exd5 {[%emt 0:00:03]} 24. Be1 {[%emt 0:01:50]} Bc4 {[%emt 0:03:57]} 25. Bb4 {[%emt 0:00:04]} a5 {[%emt 0:01:04]} 26. Ba3 {[%emt 0:00:30]} f6 {[%emt 0:01:18]} 27. Rab1 {[%emt 0:01:33]} b5 {[%emt 0:00:13]} 28. Bc5 {[%emt 0:00:04]} b4 {[%emt 0:01:43]} 29. Rb2 {[%emt 0:00:05]} Re8 {[%emt 0:00:27]} 30. Bb6 {[%emt 0:05:28]} a4 {[%emt 0:01:39]} 31. Bc7 {[%emt 0:00:04]} b3 {[%emt 0:00:05]} 32. axb3 {[%emt 0:00:06]} axb3 {[%emt 0:00:04]} 33. Ra1 {[%emt 0:00:36]} Re4 {[%emt 0:01:20]} 34. Rd2 {[%emt 0:01:30]} f5 35. Kf2 {[%emt 0:00:24]} Kf7 {[%emt 0:00:38]} 36. Ra8 h6 37. h4 {[%emt 0:04:42]} Re8 {[%emt 0:01:13]} 38. Rxe8 {[%emt 0:00:47]} Kxe8 {[%emt 0:00:03]} 39. Rd1 {[%emt 0:00:26]} Rf7 {[%emt 0:00:35]} 40. Ra1 {[%emt 0:00:00]} Kd7 {[%emt 0:00:00]} 41. Ra8 {[%emt 0:15:43]} Rf6 {[%emt 0:13:32]} 42. Rd8+ {[%emt 0:00:47]} Kc6 {[%emt 0:00:29]} 43. Re8 {[%emt 0:00:07]} g5 {[%emt 0:09:54]} 44. hxg5 {[%emt 0:01:02]} hxg5 {[%emt 0:00:06]} 45. fxg5 {[%emt 0:00:03]} Rg6 {[%emt 0:00:29]} 46. Rb8 {[%emt 0:01:10]} Rxg5 {[%emt 0:02:10]} 47. Rb6+ {[%emt 0:06:03]} Kd7 {[%emt 0:00:03]} 48. Rb7 {[%emt 0:00:04]} Kc6 {[%emt 0:04:43]} 49. Rb6+ {[%emt 0:00:05]} Kd7 {[%emt 0:00:03]} 50. Rb7 {[%emt 0:00:04]} Rg8 51. Kf3 *

[Event "Moscow Open RSSU Cup 2019"]
[Site "Moscow"]
[Date "2019.02.01"]
[Round "7"]
[White "Soumya, Swaminathan"]
[Black "Gagare, Shardul"]
[Result "1-0"]
[WhiteElo "2416"]
[BlackElo "2495"]
[Annotator "TA"]
[PlyCount "153"]
[EventDate "2019.01.26"]
[EventType "swiss"]
[EventCountry "RUS"]
[SourceTitle "playchess.com"]
[Source "ChessBase"]
[SourceQuality "1"]

{[%evp 36,153,0,0,0,0,0,0,13,0,0,0,0,0,0,0,0,0,0,0,0,0,0,0,0,0,0,0,13,0,12,12,16,12,13,12,13,13,13,17,19,2,2,4,5,3,21,31,49,50,56,52,99,102,112,107,89,103,86,96,120,131,228,225,184,145,176,136,126,154,147,130,388,368,475,477,483,468,477,470,544,426,443,415,386,382,686,623,883,808,731,696,954,950,872,825,1464,1223,1396,1288,4060,1643,4060,3986,3869,3700,1522,2427,2437,2086,1299,0,2393,1762,29969,29974,29987,29988,29988,29989]} 1. e4 e5 2. Nf3 Nc6 3. Bb5 a6 4. Ba4 Nf6 5. O-O Be7 6. d3 b5 7. Bb3 d6 8. c3 O-O 9. Re1 Na5 10. Bc2 c5 11. Nbd2 {[%cal Bb1d2,Bd2f1,Bf1g3][%mdl 32]} Nc6 12. Nf1 Re8 13. h3 h6 14. Ng3 Be6 15. d4 {C90: Closed Ruy Lopez with 7...d6: Early deviations} cxd4 16. cxd4 exd4 17. Nxd4 Nxd4 18. Qxd4 Rc8 19. Bb3 {LiveBook: 32 Games} d5 20. e5 Bc5 {[%cal Be7c5,Bc5d4,Bd4e5][%mdl 32]} 21. Qf4 Nd7 22. Nh5 Qg5 23. Qxg5 hxg5 24. Bxg5 {[#]} Bd4 $146 25. Re2 Bxe5 26. Rd1 d4 27. Bxe6 Rxe6 28. Kf1 f6 29. f4 fxg5 30. fxe5 Nxe5 {Hoping for ...d3.} 31. Rxd4 Kf7 32. Rd5 Rce8 33. b3 Kg6 34. g4 Kh6 35. Ng3 g6 36. Kf2 Nc6 37. Rxe6 Rxe6 $11 {[%mdl 4096] Endgame KRN-KRN} 38. a4 bxa4 39. bxa4 Nb4 40. Rd7 Re5 41. Kf3 Nd5 42. Rd6 Nb4 43. Rb6 a5 44. Nf5+ $1 Kh7 45. Rb7+ Kh8 46. Nd6 {And now Nf7+ would win.} Kg8 47. Nc4 Rc5 48. Nxa5 $1 Nd3 {[#]} (48... Na6 $16) 49. Rb5 $1 $18 {Strongly threatening Ke3.} Rc2 50. Rxg5 Kg7 {[#]} 51. Nb7 $1 Rc3 {and if ...Nc5+ works, Black does fine.} 52. Ke4 {aiming for Kd4.} Nf2+ 53. Kd4 Ra3 $2 {[%mdl 8192]} (53... Rxh3 $16 {was worth a try.} 54. Rb5 Nxg4) 54. a5 Nxh3 55. Rb5 Nf4 56. Kc5 Ne6+ 57. Kb6 Kf6 58. Nc5 Nd4 59. Ne4+ Ke6 60. Rg5 Rb3+ $2 (60... Kf7 61. Nd6+ Kf6) 61. Kc5 Nc2 62. Rxg6+ Ke5 63. Nd2 Rb8 64. a6 {[%cal Ba5a6,Ba6a7][%mdl 32]} Ra8 65. Kb6 Nb4 66. a7 Rf8 67. Rg7 Kf6 68. Rb7 Ra8 69. Ne4+ Ke5 70. Nc3 Kf4 71. Nb5 Nd5+ 72. Kc6 Nb4+ 73. Kb6 (73. Kc5 $142 Nd3+ 74. Kd6) 73... Nd5+ $1 74. Kc5 Ke5 75. Rb8 {White mates.} Nc7 76. Rxa8 Nxa8 77. Kc6 {Precision: White = 89%, Black = 50%.} 1-0

[Event "Moscow Open RSSU Cup 2019"]
[Site "Moscow"]
[Date "2019.02.01"]
[Round "7"]
[White "Suleymenov, Alisher"]
[Black "Makhnev, Denis"]
[Result "1-0"]
[WhiteElo "2404"]
[BlackElo "2495"]
[Annotator "TA"]
[PlyCount "106"]
[EventDate "2019.01.26"]
[EventType "swiss"]
[EventCountry "RUS"]
[SourceTitle "playchess.com"]
[Source "ChessBase"]
[SourceQuality "1"]

{[%evp 16,106,18,13,13,18,15,12,35,0,0,0,0,0,0,-4,-8,-2,0,0,0,-13,0,0,0,-14,0,0,46,35,36,37,56,50,114,90,82,85,119,113,121,114,115,0,188,181,179,180,216,223,288,284,270,284,263,256,331,210,259,213,284,125,127,110,110,110,110,103,114,123,219,89,553,550,541,349,623,563,6207,6220,5777,5600,4914,5409,2728,4766,5093,2260,2254,2254,1764,1746,29973]} 1. Nf3 d5 2. d4 e6 3. g3 Nf6 4. Bg2 b5 5. O-O Nbd7 6. a4 b4 7. c4 {D02: 1 d4 d5 2 Nf3 sidelines, including 2...Nf6 3 g3 and 2...Nf6 3 Bf4} bxc3 8. Nxc3 Be7 (8... Bb7 9. Bf4 a6 10. Rc1 Be7 11. b4 Bxb4 {1-0 (32) Mikhalevski,V (2579)-Riazantsev,A (2649) St Petersburg 2018}) 9. Bf4 {LiveBook: 9 Games. Nb5 is the strong threat.The position is equal.} c6 10. Qc2 {Hoping for Nb5!} O-O 11. e4 Ba6 12. Rfb1 $146 ({Predecessor:} 12. Rfc1 Rc8 13. Bf1 Bxf1 14. Rxf1 dxe4 15. Nxe4 {1-0 (38) Hamam,B (2018)-Faisal,A (2247) Doha 2011}) 12... dxe4 13. Nxe4 Nxe4 14. Qxe4 Rc8 15. b4 Bc4 16. b5 Bd5 17. Qe2 Bf6 18. Bd6 Be7 19. Bf4 Bf6 20. Bd6 Be7 21. Bf4 Qa5 22. Ne5 Nxe5 23. Bxe5 Bxg2 24. Kxg2 Rfd8 (24... Qd8 $14) 25. bxc6 $16 Rxc6 26. Rb7 Bf6 27. Qf3 Rcc8 28. Bxf6 gxf6 29. Ra3 (29. Rb5 $16 Qc3 30. Qxf6 Qxd4 31. Rg5+ Kf8 32. Re5) 29... Rxd4 $2 (29... f5 $11 {and Black is okay.}) 30. Qxf6 $40 {[%mdl 128] Black is in trouble.} Qd5+ 31. Qf3 Rd2 32. Qxd5 ({Stronger than} 32. Rxf7 Rxf2+ 33. Kxf2 Qd2+ 34. Kg1 Rc1+ 35. Qf1 Rxf1+ 36. Rxf1 Qb4 $11) ({Inferior is} 32. Rxa7 Rcc2 $11) 32... exd5 33. Rxa7 {[%mdl 4096] Endgame KRR-KRR} d4 34. Rf3 Rf8 35. Rd7 Rd1 36. g4 Kg7 37. h4 h6 38. Kg3 (38. a5 $18) 38... Rg1+ $16 39. Kh2 Rxg4 40. Rg3 Rxg3 41. Kxg3 {KR-KR} Kf6 42. Rxd4 Ke5 {[#]} (42... Ra8 $16 43. Re4 Kf5) 43. Rf4 (43. Rb4 $1 $18) 43... f5 $2 {[%mdl 8192] [#]} (43... Ra8 $16 {is a better chance.}) 44. a5 $1 $18 {[%cal Ba4a5,Ba5a6][%mdl 32]} Rg8+ 45. Kf3 Rg6 $2 (45... Ra8 46. Ra4 Ra6) 46. Rb4 {White is clearly winning.} Rg1 47. Ra4 Rg7 48. a6 Ra7 49. Ra5+ Kf6 50. Kf4 (50. Ke3 $142 Ke6 51. Kf4) 50... Kg6 51. Ra4 (51. f3 $142 Kf6 52. Rxf5+ Ke7 53. Ra5) 51... Kf6 52. f3 Kg6 53. Ke5 Kh5 {Precision: White = 62%, Black = 44%.} 1-0